Statistics for 1910s Decade Quiz

Click here to take the quiz!

General Stats

  • This quiz has been taken 38,031 times
  • The average score is 12 of 20

Answer Stats

QuestionAnswer% Correct
What ship sank after hitting an iceberg?RMS Titanic
100%
What canal was completed in 1914?Panama Canal
94%
What epidemic killed more than 1% of the world's population?Spanish Flu
86%
Who was assassinated in Sarajevo?Franz Ferdinand
83%
What treaty officially ended WWI between Germany and the Allies?Treaty of {Versailles}
83%
What Polish/French woman won a Nobel Prize for chemistry?Marie Curie
82%
What yellow-brown chemical weapon was used, first by the Germans,
but later by the Allies?
Mustard Gas
71%
In what empire was there a genocide against Armenians,
Greeks, and Syriac Christians?
Ottoman Empire
68%
What "lost" city of the Incas was rediscovered?Machu Picchu
65%
What was the nickname of pilot Manfred von Richthofen?The Red Baron
64%
Who was President of the United States for most of the decade?Woodrow Wilson
64%
What communist faction came to power in Russia?Bolshevik
61%
What oil baron became the first dollar billionaire?John D. Rockefeller
58%
What British adventurer fought in the Arab Revolt?T. E. Lawrence
58%
What movie by D.W. Griffith glorified the Ku Klux Klan?The Birth of a {Nation}
58%
What then-illegal practice was advocated by Margaret Sanger?Birth Control
37%
What wrote the play "Pygmalion"?George Bernard Shaw
31%
What ballet by Igor Stravinsky shocked audiences when it premiered in 1913?The Rite of {Spring}
30%
What song featured the lyrics "from glen to glen, and down the mountain side"?Danny Boy
27%
What Native American athlete won gold medals in the decathlon and pentathlon?Jim Thorpe
18%

Score Distribution

Percentile by Number Answered

Percent of People with Each Score

Your Score History

You have not taken this quiz